Представление документа в формате RUSMARC

ПолеНазваниеЗначение
  Тип записи a
  Библиографический уровень a
001 Контрольный номер RU/УОНБ/EK_Kray/506684334
005 Дата корректировки 20240131004936.7
100 Данные общей обработки __
a Данные общей обработки 20160121d2016 ||| 0rusy0189 ca
101 Язык документа 0_
a Язык текста rus
102 Страна публикации __
a Страна публикации RU
105 Кодированные данные (монография) __
a Кодированные данные (монография) y###||||000|y
200 Заглавие и сведения об ответственности 1_
a Заглавие О сельской школе замолвите слово
f Первые сведения об ответственности Данила Ноздряков
215 Физическое описание __
c Иллюстрации/тип воспроизводства 5 фот.
225 Серия __
a Серия Образование
330 Аннотация __
a Аннотация Рассказ о двух флагманах сельской системы образования - Октябрьском лицее (Чердаклинский район) и Новомалыклинской средней общеобразовательной школе имени Героя Советского Союза М.С. Чернова.
461 Уровень набора _0
1 2000
a Народная газета
1 011
463 Уровень физической единицы _0
1 001RU/УОНБ/EK_Kray/506682878
1 2000
a 13 янв
v С. 6-7
1 210
d 2016
601 Наименование организации как предмет _1
a Наименование организации как предмет Октябрьский сельский лицей
601 Наименование организации как предмет 01
a Наименование организации как предмет Новомалыклинская средняя школа имени Героя Советского Союза М. С. Чернова
607 Географические рубрики __
a Географическое наименование Чердаклинский район (Ульяновская область)
607 Географические рубрики __
a Географическое наименование Новомалыклинский район (Ульяновская область)
610 Ключевые слова __
a Ключевые слова сельские школы
610 Ключевые слова 0_
a Ключевые слова образовательные учреждения
610 Ключевые слова 0_
a Ключевые слова лицей
686 Индексы других классификаций __
a Классификационный индекс 74.03
2 Код системы rubbk
700 Автор _1
a Фамилия Ноздряков
b Имя (инициалы) Д.
g Полное личное имя Данила
801 Источник записи _0
a Страна RU
b Организация Ульяновская ОНБ
c Дата составления 20160121
g Правила каталогизации RCR
801 Источник записи _1
a Страна RU
b Организация Ульяновская ОНБ
c Дата составления 20160121
g Правила каталогизации RCR
901 Тип документа __
t Тип документа f
w Контрольный № источника RU/УОНБ/EK_Kray/506682878
909 Создатель записи __
a Создатель записи Образцова
938 Служебная информация __
a Имя БД kraeved_work
b Имя библиотеки УОНБ
c Имя АИБС МАРК-SQL
d Номер DOC_ID в БД 118969